|
|
|
|
| LEADER |
00000nam0a2200000 4500 |
| 001 |
268827 |
| 005 |
20231101234212.0 |
| 035 |
|
|
|a (RuTPU)RU\TPU\book\291983
|
| 090 |
|
|
|a 268827
|
| 100 |
|
|
|a 20140909d1986 k y0rusy50 ca
|
| 101 |
0 |
|
|a rus
|
| 102 |
|
|
|a KG
|
| 105 |
|
|
|a a z 001zy
|
| 200 |
1 |
|
|a Реакции формамида и диметилформамида с неорганическими солями
|f Б. И. Иманакунов, Т. П. Ким, Т. Байдинов
|g Академия наук Киргизской ССР (АН КиргССР), Институт неорганической и физической химии
|
| 210 |
|
|
|a Фрунзе
|c Илим
|d 1986
|
| 215 |
|
|
|a 177 с.
|c ил.
|
| 320 |
|
|
|a Библиогр. в конце ст.
|
| 606 |
1 |
|
|a Формамид
|x Химия
|2 stltpush
|3 (RuTPU)RU\TPU\subj\75013
|9 86913
|
| 606 |
1 |
|
|a Соли
|x Химия
|2 stltpush
|3 (RuTPU)RU\TPU\subj\70579
|9 84798
|
| 610 |
1 |
|
|a реакции
|
| 610 |
1 |
|
|a ассоциация
|
| 610 |
1 |
|
|a физико-химические свойства
|
| 610 |
1 |
|
|a инфракрасные спектры
|
| 610 |
1 |
|
|a термическая устойчивость
|
| 610 |
1 |
|
|a электропроводность
|
| 610 |
1 |
|
|a линейная корреляция
|
| 610 |
1 |
|
|a комплексообразование
|
| 675 |
|
|
|a 547.29
|v 3
|
| 675 |
|
|
|a 546-38
|v 3
|
| 700 |
|
1 |
|a Иманакунов
|b Б. И.
|g Бейшен Иманакунович
|
| 701 |
|
1 |
|a Ким
|b Т. П.
|g Тамара Петровна
|
| 701 |
|
1 |
|a Байдинов
|b Т.
|g Туратбек
|
| 712 |
0 |
2 |
|a Академия наук Киргизской ССР (АН КиргССР)
|b Институт неорганической и физической химии
|2 stltpush
|3 (RuTPU)RU\TPU\col\15888
|
| 801 |
|
1 |
|a RU
|b 63413507
|c 20140909
|
| 801 |
|
2 |
|a RU
|b 63413507
|c 20190214
|g RCR
|
| 942 |
|
|
|c BK
|